000 01160nam a2200349 i 4500
001 1047
003 KOSZ 005
005 20200630132815.0
008 990421s1984 pl a f |000 0 pol
015 _aPB 1984/8101
020 _a8301054514
035 _a(OCoLC)830203401
040 _aWA N
_cWA N
_dKOSZ 005/EC
041 0 _apol
046 _k1963
080 _a69::725.4
080 _a(075.8)
100 1 _aKral, Leon
_eAutor
245 1 0 _aElementy budownictwa przemysłowego :
_b[podręcznik dla studentów wyższych szkół technicznych].
_nT. 2,
_pBudowle specjalne /
_cLeon Kral.
250 _aWyd. 3 popr.
260 _aWarszawa :
_bPańst. Wydaw. Naukowe,
_c1984
_e(Łódź :
_fZGWN).
300 _a420 s., [1] k. tabl. :
_brys., wykr. ;
_c24 cm.
380 _aKsiążki.
388 _a1901-2000
388 _a1945-1989
504 _aBibliogr. s. 417-420.
655 4 _aPodręczniki akademickie
650 4 _aBudownictwo przemysłowe
710 2 _aPaństwowe Wydawnictwo Naukowe
_4pbl.
856 _uhttp://koha.tu.koszalin.pl/cgi-bin/koha/opac-detail.pl?biblionumber=1047
_yKatalog online BPK
942 _2UKD
_cKS
999 _c1047
_d1047